Nueva formula para la determinación de evapotranspiración en Chile
Saved in:
| Hovedforfatter: | |
|---|---|
| Format: | Bog |
| Sprog: | spansk |
| Udgivet: |
Santiago
La Platina
1974
|
| Fag: | |
| Tags: |
Tilføj Tag
Ingen Tags, Vær først til at tagge denne postø!
|
MARC
| LEADER | 00000nam a2200000 a 4500 | ||
|---|---|---|---|
| 001 | UCR4577 | ||
| 003 | CL-VaPUC | ||
| 008 | 980313e19740000CL |||||||||||||||||spa|d | ||
| 082 | 0 | 4 | |a 631.6 |b TOS |2 21 |
| 100 | 0 | |a Tosso Torres, Juan |e author |9 404943 | |
| 245 | 1 | 0 | |a Nueva formula para la determinación de evapotranspiración en Chile |
| 300 | |a 10 p | ||
| 942 | |c BK | ||
| 945 | |d 19980313 00:00:00 |a rbrito | ||
| 260 | |a Santiago |b La Platina |c 1974 | ||
| 650 | 0 | |a Riego |9 259685 | |
| 650 | 7 | |a EVAPORACION |2 CL-VaPUC |9 264095 | |
| 650 | 0 | |a Sistemas de riego |9 362150 | |
| 650 | 0 | |a Cultivo |9 264268 | |
| 650 | 7 | |a EDAFOLOGIA |2 CL-VaPUC |9 404944 | |
| 650 | 0 | |a Clima |9 265281 | |
| 583 | |a last modification |c 19980313 00:00:00 |k Rodrigo Vera | ||
| 999 | |c 267500 |d 267498 | ||